| 000 | 01041cam a22003015a 4500 | ||
|---|---|---|---|
| 001 | 015720771 | ||
| 003 | OSt | ||
| 005 | 20171011145511.0 | ||
| 008 | 101130s2009 nyu frb 001 0 eng d | ||
| 020 | _a9781441926630 | ||
| 020 | _a1441926631 | ||
| 040 |
_aStDuBDS _beng _cStDuBDS _dEG-ScBUE |
||
| 082 | 0 | 4 |
_222 _a615.6 _bNAN |
| 245 | 0 | 0 |
_aNanotechnology in drug delivery / _cedited by Melgardt M. de Villiers, Pornanong Aramwit and Glen S. Kwon. |
| 260 |
_aNew York : _bSpringer : _bAmerican Association of Pharmaceutical Scientists, _c2009. |
||
| 300 |
_a662 p. : _bill. ; _c26 cm. |
||
| 490 | 0 |
_aBiotechnology : pharmaceutical aspects ; _vv. 10 |
|
| 504 | _aIncludes bibliographical references and index. | ||
| 650 | 7 |
_aDrug delivery systems. _2BUEsh _936090 |
|
| 650 | 7 |
_aNanoparticles. _2BUEsh _93844 |
|
| 651 | _2BUEsh | ||
| 653 |
_bPPhrm _cOctober2017 |
||
| 655 |
_vText book _933728 |
||
| 700 | 1 |
_aDe Villiers, Melgardt M., _eeditor. |
|
| 700 | 1 |
_aAramwit, Pornanong, _eeditor. |
|
| 700 | 1 |
_aKwon, Glen S. _eeditor. |
|
| 942 | _2ddc | ||
| 999 |
_c25477 _d25449 |
||